000 02087cam a2200493 i 4500
003 PE-LiUPU
005 20250731172841.0
008 160526s2014 ilu b 001 0 eng
020 _a0830828192
020 _a9780830828197
035 _a(Sirsi) i9780830828197
040 _aPE-LiUPU
_bspa
_cPE-LiUPU
_erda
049 _aPRUA
082 _a270.01
_bR31
_223
100 1 _aRea, Robert F.,
_d1953-
245 1 0 _aWhy church history matters :
_ban invitation to love and learn from our past /
_cRobert F. Rea.
264 1 _aDowners Grove, Illinois :
_bInterVarsity Press,
_c[2014]
300 _a231 páginas :
_bilustraciones ;
_c23 centímetros
336 _atext
_2rdacontent
337 _aunmediated
_2rdamedia
338 _avolume
_2rdacarrier
504 _aBibliografía al final de cada tema.
504 _aÍndices : páginas 225-233.
505 0 _aHow we understand the tradition. What is the tradition? ; How have we understood tradition historically? ; How do we understand the tradition today? -- Expanding circles of inquiry. Who am I? Christian history and Christian identity ; A great cloud of witnesses ; Accountability partners ; Mentors and friends -- Tradition serving the church. Rightly dividing the word of truth -- Tradition and ministry.
526 _aSEG42
526 _aSEG41
526 _aSEG40
526 _aSEG39
526 _aP94
526 _aP87
526 _aP86
526 _aP85
526 _aP77
526 _aP76
526 _aP35
650 0 _aHistoria de iglesia
_xMiscelánea.
910 _ajck
_bebj
_cebj
_d20160526
942 _2ddc
_cBOOK
949 _a270.01 R31
_wDEWEY
_c1
_i73327
_lCCODEBUL1
_mBUL
_p20.00
_r0
_sY
_tBOOK
_u2016-5-26
_xTEOLOGIA
_PP85
_0COMPRA
_o.STAFF. Colección General Teología
994 _aC0
_bPEPRU
596 _a1
999 _a270.01 R31
_wDEWEY
_c9551
_i73327
_d9551
_f2021-11-11
_g5
_lCCODEBUL1
_mBUL
_p20.00
_q1
_r0
_sY
_tBOOK
_u2016-5-26
_xTEOLOGIA
_PP85
_0COMPRA
_o.STAFF. Colección General Teología
980 _81
_gALBERTO SANCHEZ Responsable de Automatización